000 00744nam a2200217 a 4500
001 000005677
005 20240412074203.0
008 090821s1989 dr a r 000 p spa d
040 _aDO-SdBNP
_bspa
_cBNPHU
082 _aRD861.44
_bC794s
100 1 _aCordero, Tulio
_916039
245 1 0 _aSi el alba se tardara /
_cTulio Cordero ; ilustración Miguel Cordero ; presentación Ivan García.
260 _aSanto Domingo :
_bEdiciones MSC,
_c1989.
300 _a128 p. :
_bil. ;
_c18 cm.
590 _aInventariado, 2018/BT
650 0 _aPoesía dominicana
_966
650 0 _aLiteratura dominicana.
_967
700 1 _aCordero, Miguel,
_eil.
_916040
700 1 _aGarcía Guerra, Iván,
_d1938-
_9144
910 _aValidado. Control de calidad. MMOLINA
999 _c5474
_d5474